What is the balance of payments? /

Bibliographic Details
Main Author: Fieleke, Norman S.
Format: Book
Language:English
Published: Boston : Federal Reserve Bank of Boston, [1996]
Series:Special report (Federal Reserve Bank of Boston) ; no. 3.
Subjects:

MARC

Tag First Indicator Second Indicator Subfields
LEADER 00000cam a2200000 a 4500
001 in00001335239
005 20151006050543.0
008 970113s1996 mau 000 0 eng d
035 |a (OCoLC)36196692 
035 |9 AHF0415AM 
040 |a RF1  |c RF1  |d TXA  |d UtOrBLW 
049 |a TXAM 
090 |a HG3881  |b .F48 1996 
100 1 |a Fieleke, Norman S. 
245 1 0 |a What is the balance of payments? /  |c Norman S. Fieleke. 
264 1 |a Boston :  |b Federal Reserve Bank of Boston,  |c [1996] 
300 |a 12 pages ;  |c 24 cm. 
336 |a text  |b txt  |2 rdacontent 
337 |a unmediated  |b n  |2 rdamedia 
338 |a volume  |b nc  |2 rdacarrier 
490 1 |a Special report / Federal Reserve Bank of Boston,  |v no. 3 
500 |a "July 1976, revised August 1985 and October 1996." 
650 0 |a Balance of payments. 
830 0 |a Special report (Federal Reserve Bank of Boston) ;  |v no. 3. 
999 |a MARS 
999 f f |s 221f9c4f-c546-378f-a346-1e3be58b1191  |i 5dcc2b81-2457-3060-9d31-940f2d106ffc  |t 0 
952 f f |p ric  |a Texas A&M University  |b Rellis Campus  |c Joint Library Facility  |d Remote Storage  |t 0  |e HG3881 .F48 1996  |h Library of Congress classification  |i unmediated -- volume  |m A14820824340 
998 f f |a HG3881 .F48 1996  |t 0  |l Remote Storage